The effects of children's presence on woman abuse

Saved in:  
Bibliographic Details
Authors: Hutchison, Ira W. (Author) ; Hirschel, J.D. (Author)
Format: Electronic Article
Language:English
Published: 2001
In: Violence and victims
Year: 2001, Volume: 16, Issue: 1, Pages: 3-17
Online Access: Volltext (lizenzpflichtig)
Volltext (lizenzpflichtig)
Check availability: HBZ Gateway

MARC

LEADER 00000caa a22000002c 4500
001 1912530600
003 DE-627
005 20250905204323.0
007 cr uuu---uuuuu
008 241217s2001 xx |||||o 00| ||eng c
035 |a (DE-627)1912530600 
035 |a (DE-599)KXP1912530600 
040 |a DE-627  |b ger  |c DE-627  |e rda 
041 |a eng 
084 |a 2,1  |2 ssgn 
100 1 |a Hutchison, Ira W.  |e VerfasserIn  |4 aut 
245 1 4 |a The effects of children's presence on woman abuse 
264 1 |c 2001 
336 |a Text  |b txt  |2 rdacontent 
337 |a Computermedien  |b c  |2 rdamedia 
338 |a Online-Ressource  |b cr  |2 rdacarrier 
700 1 |a Hirschel, J.D.  |e VerfasserIn  |4 aut 
773 0 8 |i Enthalten in  |t Violence and victims  |d New York, NY : Bernhard Springer Publ. Company, 1986  |g 16(2001), 1, Seite 3-17  |h Online-Ressource  |w (DE-627)481905855  |w (DE-600)2180581-7  |w (DE-576)272350435  |x 1945-7073  |7 nnas 
773 1 8 |g volume:16  |g year:2001  |g number:1  |g pages:3-17 
787 0 8 |i Forschungsdaten  |a Hirschel, J. David  |t Charlotte (North Carolina) Spouse Assault Replication Project, 1987-1989  |d [Erscheinungsort nicht ermittelbar] : [Verlag nicht ermittelbar], 1993  |w (DE-627)1840058765 
856 4 0 |u https://pubmed.ncbi.nlm.nih.gov/11281222/  |x Verlag  |z lizenzpflichtig  |7 1 
856 4 0 |u https://www.ojp.gov/ncjrs/virtual-library/abstracts/effects-childrens-presence-woman-abuse  |x Verlag  |z lizenzpflichtig  |7 1 
889 |w (DE-627)1912530597 
935 |a mkri 
951 |a AR 
ELC |a 1 
LOK |0 000 xxxxxcx a22 zn 4500 
LOK |0 001 4637496101 
LOK |0 003 DE-627 
LOK |0 004 1912530600 
LOK |0 005 20250905152140 
LOK |0 008 241217||||||||||||||||ger||||||| 
LOK |0 035   |a (DE-2619)ICPSR172365 
LOK |0 035   |a (DE-2619)ICPSR154675 
LOK |0 040   |a DE-2619  |c DE-627  |d DE-2619 
LOK |0 092   |o n 
LOK |0 852   |a DE-2619 
LOK |0 852 1  |9 00 
LOK |0 935   |a nacp 
LOK |0 939   |a 17-12-24  |b l01 
ORI |a SA-MARC-krimdoka001.raw